[Event "Magyar Rapid Bajnokság"]
[Site "Ajka"]
[Date "2018.07.21"]
[Round "9.5"]
[White "Medvegy, Zoltan"]
[Black "Czebe, Attila"]
[Result "0-1"]
[WhiteElo "2542"]
[BlackElo "2488"]
[PlyCount "78"]
[EventDate "2018.07.20"]
[EventType "swiss"]
[EventRounds "13"]
[EventCountry "HUN"]

1. c4 g6 2. Nc3 Bg7 3. d4 d6 4. e4 e5 5. Nge2 Nf6 6. f3 O-O 7. Be3 c6 8. Qd2
exd4 9. Nxd4 d5 10. cxd5 cxd5 11. e5 Nfd7 12. f4 Nc5 13. Ndb5 Nba6 14. Qxd5 Be6
15. Qxd8 Rfxd8 16. Nd6 b6 17. O-O-O f6 18. exf6 Bxf6 19. Nd5 Bxd5 20. Rxd5 Nb4
21. Bc4 Kg7 22. Rd2 Ncd3+ 23. Bxd3 Rxd6 24. Bc2 Rad8 25. Rhd1 Rc8 26. Re2 Rdc6
27. Rdd2 Nxa2+ 28. Kb1 Nb4 29. g4 Kf8 30. g5 Bg7 31. Rf2 Ke7 32. f5 gxf5 33. h4
Nxc2 34. Rxc2 Rxc2 35. Rxc2 Rxc2 36. Kxc2 Be5 37. Bc1 a5 38. Kd3 b5 39. h5 a4
0-1

[Event "Magyar Rapid Bajnokság"]
[Site "Ajka"]
[Date "2018.07.21"]
[Round "9.6"]
[White "Groszpeter, Attila"]
[Black "Horvath, Adam"]
[Result "0-1"]
[WhiteElo "2438"]
[BlackElo "2479"]
[PlyCount "102"]
[EventDate "2018.07.20"]
[EventType "swiss"]
[EventRounds "13"]
[EventCountry "HUN"]

1. e4 c5 2. Nf3 e6 3. d4 cxd4 4. Nxd4 Nc6 5. Nc3 Qc7 6. Be3 a6 7. a3 b5 8. Nxc6
Qxc6 9. Be2 Bb7 10. O-O Rc8 11. Qd2 Bc5 12. Rfd1 Nf6 13. Bf3 Qc7 14. Bxc5 Qxc5
15. Qd6 e5 16. Rac1 Qxd6 17. Rxd6 Rc6 18. Rxc6 Bxc6 19. Kf1 Ke7 20. Ke2 Rc8 21.
Rd1 Bb7 22. Ke3 Rc5 23. Be2 d6 24. f3 Nd7 25. Kd2 Nb6 26. Kc1 g6 27. Bd3 Bc8
28. Ne2 Be6 29. c3 d5 30. exd5 Nxd5 31. Rd2 Ne3 32. Ng3 f5 33. Nf1 Nc4 34. Bxc4
bxc4 35. Ne3 f4 36. Nd1 Rd5 37. Rxd5 Bxd5 38. Nf2 Ke6 39. Kd2 Kf5 40. Ke2 e4
41. fxe4+ Bxe4 42. g3 h5 43. Nh3 fxg3 44. hxg3 Kg4 45. Nf2+ Kxg3 46. Nxe4+ Kg2
47. Ke3 h4 48. Kf4 h3 49. Kg4 h2 50. Ng3 g5 51. a4 a5 0-1

[Event "Magyar Rapid Bajnokság"]
[Site "Ajka"]
[Date "2018.07.21"]
[Round "9.7"]
[White "Dankhazi, Andras"]
[Black "Ruck, Robert"]
[Result "1/2-1/2"]
[WhiteElo "2361"]
[BlackElo "2570"]
[PlyCount "77"]
[EventDate "2018.07.20"]
[EventType "swiss"]
[EventRounds "13"]
[EventCountry "HUN"]

1. d4 Nf6 2. c4 e6 3. Nf3 b6 4. g3 Ba6 5. b3 d5 6. cxd5 exd5 7. Bg2 Bd6 8. O-O
Nbd7 9. Nc3 O-O 10. Bf4 Qe7 11. Bxd6 Qxd6 12. Re1 Rfe8 13. e3 c6 14. Qc2 Rac8
15. Rad1 Re7 16. Qb2 Rce8 17. b4 Bc4 18. Nd2 b5 19. Nxc4 bxc4 20. a3 h5 21. Qc2
h4 22. e4 hxg3 23. hxg3 dxe4 24. Nxe4 Nxe4 25. Rxe4 Rxe4 26. Bxe4 Nb6 27. Bf3
g6 28. Kg2 Kg7 29. Qc1 Rh8 30. Qg5 Qe6 31. Qe5+ Qxe5 32. dxe5 Re8 33. Bxc6 Rxe5
34. Rc1 Kf6 35. a4 a5 36. bxa5 Rxa5 37. Bb5 Nxa4 38. Bxc4 Nc5 39. Rb1 1/2-1/2

[Event "Magyar Rapid Bajnokság"]
[Site "Ajka"]
[Date "2018.07.21"]
[Round "9.8"]
[White "Galyas, Miklos"]
[Black "Vertetics, Attila"]
[Result "1/2-1/2"]
[WhiteElo "2382"]
[BlackElo "2506"]
[PlyCount "38"]
[EventDate "2018.07.20"]
[EventType "swiss"]
[EventRounds "13"]
[EventCountry "HUN"]

1. c4 c6 2. Nf3 d5 3. g3 Bg4 4. Bg2 e6 5. O-O Nd7 6. cxd5 cxd5 7. Qa4 Bxf3 8.
Bxf3 Ne7 9. d4 Nc6 10. Nc3 Nb6 11. Qd1 Be7 12. e3 O-O 13. b3 Rc8 14. Bb2 a6 15.
Qd2 Bd6 16. Rac1 Qe7 17. Ne2 Bb4 18. Bc3 Ba3 19. Bb2 Bb4 1/2-1/2

[Event "Magyar Rapid Bajnokság"]
[Site "Ajka"]
[Date "2018.07.21"]
[Round "9.11"]
[White "Martini, Balazs"]
[Black "Prohaszka, Peter"]
[Result "0-1"]
[WhiteElo "2295"]
[BlackElo "2593"]
[PlyCount "173"]
[EventDate "2018.07.20"]
[EventType "swiss"]
[EventRounds "13"]
[EventCountry "HUN"]

1. Nf3 d5 2. b3 Bf5 3. Bb2 e6 4. g3 h6 5. Bg2 Nf6 6. O-O Be7 7. d3 O-O 8. Nbd2
Bh7 9. Ne5 Nfd7 10. Nxd7 Nxd7 11. e4 Bf6 12. Bxf6 Nxf6 13. Qe2 c6 14. Rfe1 Qa5
15. e5 Nd7 16. Nf3 Qa3 17. Qd2 a5 18. Qc1 Qc5 19. Qb2 a4 20. b4 a3 21. Qb3 Qb5
22. c4 Qa4 23. Qc3 dxc4 24. dxc4 c5 25. bxc5 Nxc5 26. Nd4 Rfd8 27. Re3 Rd7 28.
Nb5 Rd1+ 29. Rxd1 Qxd1+ 30. Re1 Qc2 31. Qxc2 Bxc2 32. Re3 Bb3 33. Bxb7 Ra4 34.
Bc6 Rxc4 35. Nxa3 Rc1+ 36. Kg2 Bxa2 37. Nb5 Bc4 38. Rc3 Rxc3 39. Nxc3 g5 40. f4
Kg7 41. Kf3 Bd3 42. Ke3 Bf5 43. Bf3 Bg6 44. Ne2 Nd3 45. Nd4 gxf4+ 46. gxf4 Nb4
47. h4 Bh7 48. Bg2 Na6 49. Bh3 Nc7 50. Bg2 Bg6 51. Bf3 Na6 52. Bg4 Nc7 53. Bf3
Bh7 54. Bg2 Na6 55. Bh3 Nc5 56. Bg2 Nd7 57. Bc6 Nf8 58. Bf3 Ng6 59. h5 Ne7 60.
Bg4 Kf8 61. Bf3 Bf5 62. Kf2 Ke8 63. Kg3 Bd3 64. Bg4 Kd8 65. Bf3 Kc7 66. Kf2 Kb6
67. Ke3 Bf5 68. Be2 Kc5 69. Nb3+ Kb4 70. Nd4 Bh7 71. Bf3 Kc5 72. Bg2 Kc4 73.
Bf3 Bf5 74. Be2+ Kc5 75. Bf3 Bh7 76. Nb3+ Kc4 77. Nd4 Kc5 78. Nb3+ Kb6 79. Nd4
Bf5 80. Ne2 Bc2 81. Nd4 Ba4 82. Be4 Bd7 83. Nf3 Bc6 84. Bxc6 Nf5+ 85. Ke4 Ng3+
86. Ke3 Kxc6 87. Ng5 0-1

[Event "Magyar Rapid Bajnokság"]
[Site "Ajka"]
[Date "2018.07.21"]
[Round "9.12"]
[White "Almasi, Istvan"]
[Black "Seres, Bela"]
[Result "1-0"]
[WhiteElo "2416"]
[BlackElo "2220"]
[PlyCount "65"]
[EventDate "2018.07.20"]
[EventType "swiss"]
[EventRounds "13"]
[EventCountry "HUN"]

1. Nf3 g6 2. e4 Bg7 3. d4 c5 4. dxc5 Qa5+ 5. c3 Qxc5 6. Na3 b6 7. Nb5 a6 8. Be3
Qc6 9. Nfd4 Qb7 10. Na3 d6 11. Be2 Nd7 12. O-O Ngf6 13. f3 O-O 14. Nc4 d5 15.
exd5 Nxd5 16. Bf2 Nf4 17. Re1 e5 18. Nb3 b5 19. Nba5 Qc7 20. Qd6 Ra7 21. Qxc7
Rxc7 22. Nd6 Nc5 23. Bxb5 Rd8 24. Ne8 Rxe8 25. Bxe8 Kf8 26. Bc6 Ncd3 27. Bb6
Nxe1 28. Rxe1 Re7 29. Bc5 Nd3 30. Bxe7+ Kxe7 31. Re2 Be6 32. b3 Kd8 33. Rd2 1-0

[Event "Magyar Rapid Bajnokság"]
[Site "Ajka"]
[Date "2018.07.21"]
[Round "9.16"]
[White "Varga, Klara"]
[Black "Deak, Sandor"]
[Result "1-0"]
[WhiteElo "2183"]
[BlackElo "2335"]
[PlyCount "83"]
[EventDate "2018.07.20"]
[EventType "swiss"]
[EventRounds "13"]
[EventCountry "HUN"]

1. c4 c5 2. g3 Nf6 3. Bg2 d5 4. cxd5 Nxd5 5. Nc3 Nc7 6. e3 e5 7. Nge2 Be7 8.
O-O O-O 9. f4 exf4 10. Nxf4 Nc6 11. b3 Rb8 12. Ba3 Ne5 13. Rc1 Bg4 14. Qc2 b6
15. Ncd5 Nxd5 16. Nxd5 Bd6 17. d4 cxd4 18. Bxd6 Qxd6 19. exd4 Ng6 20. Qc7 Qa3
21. Rxf7 Qxc1+ 22. Qxc1 Rxf7 23. Ne3 Be6 24. d5 Bd7 25. d6 Rc8 26. Qb2 Rf6 27.
Bd5+ Kh8 28. Qa3 a5 29. b4 axb4 30. Qxb4 Bh3 31. Qb2 Rxd6 32. Bg2 Bxg2 33. Kxg2
Rcd8 34. Nc4 Rc6 35. Qb5 Rdc8 36. Nxb6 Rc2+ 37. Kh3 Rf8 38. Nd7 Rd8 39. a4 Rd2
40. Nb6 Nf8 41. a5 R8d6 42. a6 1-0

[Event "Magyar Rapid Bajnokság"]
[Site "Ajka"]
[Date "2018.07.21"]
[Round "9.19"]
[White "Nemeth, Miklos"]
[Black "Volosin, Vladimir"]
[Result "1-0"]
[WhiteElo "2469"]
[BlackElo "2250"]
[PlyCount "43"]
[EventDate "2018.07.20"]
[EventType "swiss"]
[EventRounds "13"]
[EventCountry "HUN"]

1. e4 c6 2. d4 d5 3. e5 Bf5 4. Nf3 e6 5. Be2 c5 6. O-O Nc6 7. Be3 Qb6 8. Nc3
Rc8 9. dxc5 Qxb2 10. Nb5 Qxc2 11. Qe1 a6 12. Nbd4 Qe4 13. Nxc6 Rxc6 14. Qa5 Be7
15. Rab1 Bd8 16. Qa3 Qxb1 17. Rxb1 Bxb1 18. Nd4 Rc7 19. Qa4+ Kf8 20. c6 bxc6
21. Nxc6 Be7 22. Qb3 1-0

[Event "Magyar Rapid Bajnokság"]
[Site "Ajka"]
[Date "2018.07.21"]
[Round "10.1"]
[White "Almasi, Zoltan"]
[Black "Balog, Imre"]
[Result "1-0"]
[WhiteElo "2650"]
[BlackElo "2613"]
[PlyCount "109"]
[EventDate "2018.07.20"]
[EventType "swiss"]
[EventRounds "13"]
[EventCountry "HUN"]

1. Nf3 d5 2. g3 g6 3. c4 c6 4. Qa4 Bg7 5. cxd5 Qxd5 6. Nc3 Qh5 7. h3 Nf6 8. d4
Qf5 9. Bg2 O-O 10. O-O Nd5 11. Re1 Nb6 12. Qa3 Qd7 13. e4 Na6 14. Bg5 Re8 15.
Rad1 Qd6 16. Qb3 Be6 17. Qc2 Rac8 18. Bf4 Qd7 19. Ng5 Bc4 20. b3 Nb4 21. Qb1
Bd3 22. Rxd3 Nxd3 23. Qxd3 Qxd4 24. Qxd4 Bxd4 25. Ne2 Bg7 26. Be3 h6 27. Nf3
Red8 28. Rc1 Rc7 29. Bf1 Rcd7 30. Nc3 Nc8 31. e5 Nb6 32. a4 Nd5 33. Nxd5 Rxd5
34. e6 fxe6 35. Bxa7 Rd1 36. Rxd1 Rxd1 37. Kg2 Kf7 38. Bc4 Rb1 39. Bb6 Bc3 40.
Ng1 Kf6 41. Ne2 Ba1 42. h4 e5 43. Kf3 Rd1 44. Ke4 Bb2 45. Be3 g5 46. hxg5+ hxg5
47. g4 Ba1 48. Kf3 Bd4 49. Ng3 Bxe3 50. Kxe3 b6 51. Ne4+ Kg6 52. Be6 Rd4 53. f3
Rd1 54. Nc3 Kf6 55. Nxd1 1-0

[Event "Magyar Rapid Bajnokság"]
[Site "Ajka"]
[Date "2018.07.21"]
[Round "10.2"]
[White "Erdos, Viktor"]
[Black "Gledura, Benjamin"]
[Result "1/2-1/2"]
[WhiteElo "2617"]
[BlackElo "2574"]
[PlyCount "23"]
[EventDate "2018.07.20"]
[EventType "swiss"]
[EventRounds "13"]
[EventCountry "HUN"]

1. Nf3 d5 2. d4 Nf6 3. c4 c6 4. Qb3 dxc4 5. Qxc4 Bg4 6. Nbd2 Nbd7 7. g3 e6 8.
Bg2 Be7 9. O-O O-O 10. b3 Rc8 11. Bb2 b5 12. Qc2 1/2-1/2

[Event "Magyar Rapid Bajnokság"]
[Site "Ajka"]
[Date "2018.07.21"]
[Round "10.3"]
[White "Papp, Gabor"]
[Black "Banusz, Tamas"]
[Result "1/2-1/2"]
[WhiteElo "2574"]
[BlackElo "2592"]
[PlyCount "37"]
[EventDate "2018.07.20"]
[EventType "swiss"]
[EventRounds "13"]
[EventCountry "HUN"]

1. c4 c5 2. Nf3 Nc6 3. g3 g6 4. Bg2 Bg7 5. Nc3 Nf6 6. O-O O-O 7. d4 cxd4 8.
Nxd4 Qa5 9. Nb3 Qh5 10. e4 d6 11. Qxh5 Nxh5 12. c5 Rd8 13. cxd6 exd6 14. Be3
Be6 15. Rfd1 Nf6 16. Nd4 Nxd4 17. Bxd4 Ne8 18. Bxg7 Kxg7 19. Rd2 1/2-1/2

[Event "Magyar Rapid Bajnokság"]
[Site "Ajka"]
[Date "2018.07.21"]
[Round "10.4"]
[White "Bagi, Mate"]
[Black "Czebe, Attila"]
[Result "1/2-1/2"]
[WhiteElo "2394"]
[BlackElo "2488"]
[PlyCount "42"]
[EventDate "2018.07.20"]
[EventType "swiss"]
[EventRounds "13"]
[EventCountry "HUN"]

1. e4 g6 2. d4 Bg7 3. Nc3 Nc6 4. d5 Nb8 5. Nf3 d6 6. Be2 c6 7. O-O Qc7 8. Be3
Nf6 9. h3 O-O 10. Re1 a6 11. a4 Nbd7 12. Qc1 cxd5 13. exd5 Nb6 14. Rd1 Bf5 15.
a5 Nc4 16. Bxc4 Qxc4 17. Ra4 Qc7 18. Rh4 Rfc8 19. Nd4 Bd7 20. Bh6 Bh8 21. Re1
Re8 1/2-1/2

[Event "Magyar Rapid Bajnokság"]
[Site "Ajka"]
[Date "2018.07.21"]
[Round "10.5"]
[White "Horvath, Adam"]
[Black "Medvegy, Zoltan"]
[Result "1-0"]
[WhiteElo "2479"]
[BlackElo "2542"]
[PlyCount "83"]
[EventDate "2018.07.20"]
[EventType "swiss"]
[EventRounds "13"]
[EventCountry "HUN"]

1. e4 c5 2. Nf3 Nf6 3. Qe2 Nc6 4. g3 d5 5. e5 Ng8 6. Bg2 Bg4 7. c3 Qc7 8. O-O
e6 9. Re1 Nge7 10. h3 Bxf3 11. Bxf3 Ng6 12. Bg2 h5 13. h4 Qxe5 14. Qd1 Qd6 15.
d4 O-O-O 16. dxc5 Qxc5 17. Be3 Qd6 18. Na3 Qd7 19. Qa4 Kb8 20. b4 b6 21. Qb3
Bd6 22. Nb5 Nce5 23. Nxd6 Qxd6 24. Bd4 f6 25. Qb1 Ne7 26. a4 Nf5 27. a5 Nxd4
28. cxd4 Nc4 29. axb6 Qxb6 30. b5 Rhe8 31. Ra6 Qxd4 32. Raxe6 Rxe6 33. Rxe6 Rd7
34. Qg6 Qd1+ 35. Kh2 Rc7 36. Qe8+ Kb7 37. Qd8 Nb6 38. Re8 Rc8 39. Re7+ Kb8 40.
Qd6+ Ka8 41. Rxg7 Qd4 42. Qe7 1-0

[Event "Magyar Rapid Bajnokság"]
[Site "Ajka"]
[Date "2018.07.21"]
[Round "10.6"]
[White "Prohaszka, Peter"]
[Black "Csonka, Attila Istvan"]
[Result "1/2-1/2"]
[WhiteElo "2593"]
[BlackElo "2337"]
[PlyCount "115"]
[EventDate "2018.07.20"]
[EventType "swiss"]
[EventRounds "13"]
[EventCountry "HUN"]

1. d4 Nf6 2. Bf4 e6 3. e3 b6 4. Nf3 Bb7 5. Be2 Be7 6. h3 O-O 7. O-O d6 8. a4 a5
9. Na3 Nbd7 10. Bh2 Ne4 11. c4 f5 12. Nb5 Kh8 13. Rc1 Bf6 14. Nd2 Nxd2 15. Qxd2
Rc8 16. Bd3 Bg5 17. Rcd1 Qf6 18. Qe2 Qg6 19. Bc2 Bh4 20. d5 Bf6 21. b3 e5 22.
g4 e4 23. f4 Nc5 24. Kh1 Ba6 25. Nd4 Bxd4 26. Rxd4 Rce8 27. Rg1 Bc8 28. g5 Bd7
29. Bg3 Re7 30. Be1 Be8 31. Bd1 Nd3 32. Bc3 h5 33. gxh6 Qxh6 34. Kh2 Rf6 35.
Rg5 Qh7 36. Qg2 Rg6 37. Rxg6 Qxg6 38. Qxg6 Bxg6 39. Kg3 Kg8 40. h4 Kh7 41. Bc2
Nc5 42. Rd2 Bh5 43. Rh2 Re8 44. Kf2 Bg4 45. Ke1 Nd3+ 46. Kd2 Nb4 47. Bb1 Kh6
48. Bd4 Na6 49. Kc3 Nb4 50. Rh1 Re7 51. Rg1 Kh5 52. Rh1 Bf3 53. Rg1 Bg4 54. Rh1
Bf3 55. Rg1 Bg4 56. Rh1 Bf3 57. Rg1 Bg4 58. Rh1 1/2-1/2

[Event "Magyar Rapid Bajnokság"]
[Site "Ajka"]
[Date "2018.07.21"]
[Round "10.7"]
[White "Ruck, Robert"]
[Black "Papp, Gellert"]
[Result "0-1"]
[WhiteElo "2570"]
[BlackElo "2324"]
[PlyCount "92"]
[EventDate "2018.07.20"]
[EventType "swiss"]
[EventRounds "13"]
[EventCountry "HUN"]

1. Nf3 Nf6 2. c4 g6 3. d4 Bg7 4. g3 c5 5. Bg2 O-O 6. O-O cxd4 7. Nxd4 Nc6 8.
Nc3 Ng4 9. e3 d6 10. Nde2 Bd7 11. Bd2 a6 12. a4 Rb8 13. h3 Nge5 14. b3 Nd3 15.
Rb1 Ncb4 16. Nd4 Qc8 17. Kh2 Qc5 18. Qe2 e5 19. Nc2 Nxc2 20. Qxd3 Nb4 21. Qe2
Bc6 22. e4 Nc2 23. Qd3 Nb4 24. Qe2 Nc2 25. Bg5 Nd4 26. Qd3 b5 27. cxb5 axb5 28.
b4 Qa7 29. a5 f5 30. Be3 f4 31. Bxd4 exd4 32. Nd5 Bxd5 33. exd5 Be5 34. Rbc1
Qe7 35. Bf3 fxg3+ 36. fxg3 Qg5 37. Bg2 h5 38. a6 h4 39. a7 Ra8 40. Rxf8+ Rxf8
41. Ra1 Ra8 42. Kh1 Bxg3 43. Qxb5 Be5 44. Qd3 Kg7 45. Qe4 Qg3 46. Kg1 Rf8 0-1

[Event "Magyar Rapid Bajnokság"]
[Site "Ajka"]
[Date "2018.07.21"]
[Round "10.8"]
[White "Vertetics, Attila"]
[Black "Szelenyi, Norbert"]
[Result "0-1"]
[WhiteElo "2506"]
[BlackElo "2284"]
[PlyCount "88"]
[EventDate "2018.07.20"]
[EventType "swiss"]
[EventRounds "13"]
[EventCountry "HUN"]

1. d4 d5 2. c4 e6 3. Nc3 Bb4 4. cxd5 exd5 5. Nf3 c6 6. Bg5 Ne7 7. e3 Bf5 8. Qb3
Qb6 9. Be2 Bd6 10. Nd2 h6 11. Bh4 Nd7 12. Rc1 O-O 13. O-O Rfe8 14. Rfe1 Bg6 15.
Bg3 Bxg3 16. hxg3 Qxb3 17. Nxb3 Nb6 18. Nc5 Rab8 19. g4 Nec8 20. Bf1 Nd6 21. b3
Re7 22. Bd3 Bxd3 23. Nxd3 f6 24. f3 Rbe8 25. Kf2 Kf7 26. Re2 Rd8 27. a4 a5 28.
Nb1 Nd7 29. Nd2 Ra8 30. Nf1 Rae8 31. Ng3 g6 32. Rc3 Kg7 33. Re1 Kf7 34. Nc5 Rd8
35. Ne2 Rde8 36. Nf4 Nb6 37. Rh1 Kg7 38. Rb1 Kf7 39. Re1 Kg7 40. e4 dxe4 41.
fxe4 Nxe4+ 42. Nxe4 Rxe4 43. Rxe4 Rxe4 44. Kf3 Rxf4+ 0-1

[Event "Magyar Rapid Bajnokság"]
[Site "Ajka"]
[Date "2018.07.21"]
[Round "10.9"]
[White "Hajnal, Zoltan"]
[Black "Groszpeter, Attila"]
[Result "0-1"]
[WhiteElo "2357"]
[BlackElo "2438"]
[PlyCount "88"]
[EventDate "2018.07.20"]
[EventType "swiss"]
[EventRounds "13"]
[EventCountry "HUN"]

1. e4 c5 2. Nf3 d6 3. d4 cxd4 4. Qxd4 Nc6 5. Bb5 a6 6. Bxc6+ bxc6 7. c4 e5 8.
Qd3 Qc7 9. Nc3 Be7 10. O-O h6 11. b3 Nf6 12. Ba3 O-O 13. c5 dxc5 14. Na4 c4 15.
bxc4 Rd8 16. Qe3 Bxa3 17. Qxa3 Nxe4 18. Qe3 Bf5 19. c5 Rab8 20. Rac1 f6 21. Nh4
Bh7 22. Nb6 Nxc5 23. Qxc5 Qxb6 24. Qc4+ Kh8 25. Qf7 Qb7 26. Ng6+ Bxg6 27. Qxg6
Kg8 28. Rc3 Qf7 29. Qxf7+ Kxf7 30. Rxc6 a5 31. Rc5 a4 32. Rc7+ Kg6 33. h4 h5
34. Rfc1 Rb2 35. Ra7 Rxa2 36. Rcc7 Rd1+ 37. Kh2 Rxf2 38. Rxg7+ Kf5 39. Rxa4 Rd4
40. Rxd4 exd4 41. Rd7 Ke4 42. Kg1 Rf5 43. g3 d3 44. Kg2 Ke3 0-1

[Event "Magyar Rapid Bajnokság"]
[Site "Ajka"]
[Date "2018.07.21"]
[Round "10.10"]
[White "Horvath, Peter"]
[Black "Dankhazi, Andras"]
[Result "1-0"]
[WhiteElo "2438"]
[BlackElo "2361"]
[PlyCount "123"]
[EventDate "2018.07.20"]
[EventType "swiss"]
[EventRounds "13"]
[EventCountry "HUN"]

1. d4 Nf6 2. c4 e6 3. Nc3 Bb4 4. Bg5 c5 5. d5 d6 6. e3 exd5 7. cxd5 Nbd7 8. Bd3
Qa5 9. Nge2 Nxd5 10. O-O Nxc3 11. bxc3 Bxc3 12. Nxc3 Qxc3 13. Bb5 O-O 14. Be7
a6 15. Bxd7 Bxd7 16. Bxf8 Rxf8 17. Qxd6 Be6 18. Rfc1 Qb2 19. Rab1 Qxa2 20. Rxb7
h6 21. Qxc5 Rc8 22. Rc7 Rxc7 23. Qxc7 a5 24. Qb8+ Kh7 25. Qb1+ Qxb1 26. Rxb1 a4
27. Ra1 Bb3 28. Kf1 Kg6 29. Ke2 Kf5 30. Kd3 Ke5 31. f3 h5 32. g3 g6 33. Kc3 f6
34. Kb4 g5 35. Rc1 g4 36. Rc5+ Ke6 37. f4 f5 38. Ra5 Bc2 39. Kc3 Bb3 40. Kd4
Bc2 41. Ra6+ Ke7 42. Kc3 Bb3 43. Kb4 Kf7 44. Rh6 Kg7 45. Rxh5 Kg6 46. Rh4 Bd1
47. h3 gxh3 48. Rxh3 Bc2 49. Rh2 Bd1 50. Rd2 Bb3 51. Rd7 Bc2 52. Ra7 Bb3 53.
Kc3 Bd1 54. Ra5 Bb3 55. Kd4 Bc2 56. Kc3 Bb3 57. g4 fxg4 58. Rg5+ Kf6 59. Rxg4
Kf5 60. Rg5+ Ke4 61. Re5+ Kf3 62. f5 1-0

[Event "Magyar Rapid Bajnokság"]
[Site "Ajka"]
[Date "2018.07.21"]
[Round "10.11"]
[White "Mihok, Oliver"]
[Black "Varga, Klara"]
[Result "1-0"]
[WhiteElo "2426"]
[BlackElo "2183"]
[PlyCount "101"]
[EventDate "2018.07.20"]
[EventType "swiss"]
[EventRounds "13"]
[EventCountry "HUN"]

1. Nf3 d5 2. b3 Nf6 3. Bb2 e6 4. c4 Be7 5. g3 O-O 6. Bg2 c5 7. cxd5 Nxd5 8. O-O
Nc6 9. Nc3 Bf6 10. Qc1 b6 11. Nxd5 exd5 12. d4 Nxd4 13. Nxd4 Bxd4 14. Bxd4 cxd4
15. Rd1 Ba6 16. Rxd4 Bxe2 17. Bxd5 Qf6 18. Rf4 Qe5 19. Bxa8 Rxa8 20. Qe1 Re8
21. Rc1 g5 22. Ra4 a5 23. Qc3 Qxc3 24. Rxc3 Bb5 25. Rd4 Re1+ 26. Kg2 Bf1+ 27.
Kf3 Be2+ 28. Ke4 g4 29. Kf5 Bf3 30. Re3 Rc1 31. Rd6 Kg7 32. Re7 Rc5+ 33. Kf4
Rc2 34. Rdd7 Rxf2 35. Rxf7+ Kg6 36. Rg7+ Kf6 37. Rdf7+ Ke6 38. Re7+ Kd6 39.
Rxh7 Rxa2 40. h4 a4 41. bxa4 Rxa4+ 42. Kg5 b5 43. Ra7 Re4 44. Ra6+ Kc5 45. Rc7+
Kd4 46. h5 Ke3 47. h6 Kf2 48. h7 Re8 49. Re7 Rh8 50. Kh4 b4 51. Rb6 1-0

[Event "Magyar Rapid Bajnokság"]
[Site "Ajka"]
[Date "2018.07.21"]
[Round "10.12"]
[White "Jakab, Attila"]
[Black "Almasi, Istvan"]
[Result "1-0"]
[WhiteElo "2363"]
[BlackElo "2416"]
[PlyCount "75"]
[EventDate "2018.07.20"]
[EventType "swiss"]
[EventRounds "13"]
[EventCountry "HUN"]

1. d4 Nf6 2. c4 e6 3. Nc3 Bb4 4. e3 O-O 5. Bd3 c5 6. Nf3 d5 7. O-O Nc6 8. a3
Ba5 9. h3 Qe7 10. Qe2 Rd8 11. Rd1 cxd4 12. exd4 dxc4 13. Bxc4 Bb6 14. Be3 Bd7
15. Bg5 Be8 16. d5 exd5 17. Qxe7 Nxe7 18. Bxf6 gxf6 19. Nxd5 Nxd5 20. Bxd5 Ba4
21. b3 Bc6 22. Bxc6 bxc6 23. Nh4 Rd4 24. Rxd4 Bxd4 25. Rd1 Rd8 26. Kf1 Rd5 27.
g4 Kf8 28. Nf5 Bb2 29. Rxd5 cxd5 30. a4 Bc1 31. Ke2 Ke8 32. Ne3 Bxe3 33. Kxe3
Kd7 34. Kd4 Ke6 35. b4 f5 36. gxf5+ Kxf5 37. Kxd5 Kf4 38. b5 1-0

[Event "Magyar Rapid Bajnokság"]
[Site "Ajka"]
[Date "2018.07.21"]
[Round "10.15"]
[White "Hardicsay, Peter"]
[Black "Nemeth, Miklos"]
[Result "0-1"]
[WhiteElo "2267"]
[BlackElo "2469"]
[PlyCount "100"]
[EventDate "2018.07.20"]
[EventType "swiss"]
[EventRounds "13"]
[EventCountry "HUN"]

1. c4 e5 2. Nc3 Nf6 3. Nf3 Nc6 4. g3 d5 5. cxd5 Nxd5 6. Bg2 Nb6 7. O-O Be7 8.
a3 O-O 9. b4 Re8 10. d3 Bf8 11. Rb1 a5 12. b5 Nd4 13. Nd2 a4 14. Re1 Ra7 15. e3
Ne6 16. Qc2 Nc5 17. Bf1 Be6 18. Nc4 Bf5 19. e4 Be6 20. Be3 Nxc4 21. dxc4 b6 22.
Nd5 Nb3 23. Qb2 Bxd5 24. exd5 Qd6 25. Re2 Raa8 26. Bc1 Nd4 27. Re3 Qf6 28. Bg2
Rad8 29. Bd2 Nf5 30. Re2 Bc5 31. Bc3 Nd4 32. Re3 Qd6 33. Bb4 f6 34. Bh3 f5 35.
Rbe1 Qf6 36. Bxc5 bxc5 37. Qd2 e4 38. Bg2 Rf8 39. f3 exf3 40. Bxf3 f4 41. gxf4
Qxf4 42. Bg2 Nf5 43. R3e2 Qxc4 44. d6 Rxd6 45. Qg5 h6 46. Qh5 Rdf6 47. Rf2 Qd4
48. Rd1 Qe3 49. Qf3 Qxf3 50. Bxf3 Ne3 0-1

[Event "Magyar Rapid Bajnokság"]
[Site "Ajka"]
[Date "2018.07.21"]
[Round "10.17"]
[White "Mihalyfi, Gabor"]
[Black "Csiszar, Csaba"]
[Result "0-1"]
[WhiteElo "1999"]
[BlackElo "2432"]
[PlyCount "118"]
[EventDate "2018.07.20"]
[EventType "swiss"]
[EventRounds "13"]
[EventCountry "HUN"]

1. d4 Nf6 2. g3 e6 3. Bg2 c5 4. e3 Nc6 5. Nf3 d5 6. O-O Bd7 7. b3 cxd4 8. exd4
Be7 9. Qe2 Qb6 10. Rd1 O-O 11. Ba3 Bxa3 12. Nxa3 Qa5 13. Nb1 b5 14. Ne5 Rac8
15. a4 b4 16. Qb5 Qc7 17. Nxc6 Qxc6 18. Qxb4 Qxc2 19. Nd2 Qc7 20. Qa3 Qb6 21.
Nf3 Rc3 22. a5 Qxb3 23. Qxb3 Rxb3 24. Rdc1 Rfb8 25. Ne5 Be8 26. Bf1 Ne4 27. Bd3
f6 28. Bxe4 dxe4 29. Nc6 Bxc6 30. Rxc6 Rb1+ 31. Rxb1 Rxb1+ 32. Kg2 Kf7 33. Rc7+
Kg6 34. Rxa7 Ra1 35. Ra6 Kf5 36. g4+ Kxg4 37. Rxe6 Kf5 38. Re7 g5 39. Rxh7 Rxa5
40. h4 Rd5 41. hxg5 Kxg5 42. Rg7+ Kf4 43. Rg6 f5 44. Ra6 Rxd4 45. Ra2 Rd7 46.
Ra3 Rd3 47. Ra2 Rd4 48. Ra3 Rb4 49. Rc3 Rb2 50. Ra3 Kg4 51. Rc3 f4 52. Rc8 e3
53. Rg8+ Kh5 54. Kf1 Rxf2+ 55. Ke1 Kh4 56. Rg7 Kh3 57. Rg8 Rg2 58. Rh8+ Kg3 59.
Rg8+ Kf3 0-1

[Event "Magyar Rapid Bajnokság"]
[Site "Ajka"]
[Date "2018.07.22"]
[Round "11.1"]
[White "Banusz, Tamas"]
[Black "Almasi, Zoltan"]
[Result "1/2-1/2"]
[WhiteElo "2592"]
[BlackElo "2650"]
[PlyCount "45"]
[EventDate "2018.07.20"]
[EventType "swiss"]
[EventRounds "13"]
[EventCountry "HUN"]

1. Nf3 b6 2. g3 c5 3. Bg2 Bb7 4. c4 g6 5. O-O Bg7 6. Nc3 Nf6 7. d4 cxd4 8. Nxd4
Bxg2 9. Kxg2 Qc8 10. b3 Qb7+ 11. f3 Nc6 12. Nc2 O-O 13. e4 a6 14. a4 d6 15. Bb2
Rfd8 16. Rb1 e6 17. Ne3 Nd7 18. Rf2 Nc5 19. Rd2 Bh6 20. Re2 Bg7 21. Rd2 Bh6 22.
Re2 Bg7 23. Rd2 1/2-1/2

[Event "Magyar Rapid Bajnokság"]
[Site "Ajka"]
[Date "2018.07.22"]
[Round "11.2"]
[White "Horvath, Adam"]
[Black "Erdos, Viktor"]
[Result "0-1"]
[WhiteElo "2479"]
[BlackElo "2617"]
[PlyCount "104"]
[EventDate "2018.07.20"]
[EventType "swiss"]
[EventRounds "13"]
[EventCountry "HUN"]

1. e4 e5 2. Nf3 Nc6 3. Bc4 Bc5 4. c3 Nf6 5. d3 O-O 6. O-O a5 7. Bg5 h6 8. Bh4
Be7 9. a4 d6 10. Nbd2 Nh5 11. Bg3 g6 12. Re1 Kh7 13. d4 Bf6 14. dxe5 Nxe5 15.
Be2 Nxg3 16. hxg3 Bg7 17. Nc4 Nxf3+ 18. Bxf3 Be6 19. Ne3 Qg5 20. Qc2 h5 21.
Rad1 Rae8 22. Be2 Qc5 23. g4 Bh6 24. Nd5 hxg4 25. Nf6+ Kh8 26. Nxe8 g3 27. Bb5
c6 28. Rd4 Rxe8 29. Bf1 Bf4 30. Qd3 gxf2+ 31. Kxf2 Be5 32. Be2 Kg7 33. Rh1
Bxd4+ 34. cxd4 Qg5 35. Bf3 Bg4 36. Qc3 d5 37. e5 Bxf3 38. gxf3 f6 39. exf6+
Kxf6 40. Qd3 Qf4 41. Rg1 Qh4+ 42. Rg3 g5 43. Kg2 Rh8 44. Kf2 Qf4 45. Rg2 Rh1
46. Rg4 Qh2+ 47. Rg2 Qh4+ 48. Ke3 Qf4+ 49. Kf2 Qh4+ 50. Ke3 Qe1+ 51. Re2 Qg1+
52. Kd2 Qc1# 0-1